Introduction to Qur'anic scripts

Bibliographic Details
Main Author: Ahmad, Syed Barakat (Author)
Format: Book
Published: London : Curzon Press , 1984
Subjects:

MARC

LEADER 00000cam a2200000 7i4500
001 0000004348
005 20220118093000.0
008 021118s1984
020 |a 0700701826 
090 0 0 |a BP130   |b .A4522 
100 1 |a Ahmad, Syed Barakat ,   |e author 
245 1 0 |a Introduction to Qur'anic scripts   |c Syed Barakat Ahmad 
260 2 |a London :   |b Curzon Press ,   |c 1984 
300 |a 172 p. ;   |c 20 cm. 
630 0 0 |a Qur'an 
630 0 0 |a Qur'an   |x Language, style 
630 0 0 |a Qur'an   |x Orthography 
999 |a 1000002133   |b Book   |c OPEN SHELF (30 DAYS)   |e Gong Badak Campus